Otelo (Record no. 48510)

MARC details
000 -LÍDER
campo de controle de tamanho fixo 00310 a2200157 4500
001 - NÚMERO DE CONTROLE
campo de controle 48510
020 ## - ISBN - INTERNATIONAL STANDARD BOOK NUMBER
ISBN - International Standard Book Number 8573191309
040 ## - FONTE DA CATALOGAÇÃO
Instituição que transcreveu o registro Anchieta - Bela Vista
100 ## - ENTRADA PRINCIPAL--NOME PESSOAL
Nome pessoal Shakespeare, William
240 10 - TÍTULO UNIFORME
Título uniforme Otelo
Idioma da obra por
245 10 - TÍTULO
Título Otelo
300 ## - DESCRIÇÃO FÍSICA
Extensão 48
362 0# - DATAS DE PUBLICAÇÃO E/OU DESIGNAÇÃO SEQUENCIAL
Datas de publicação e/ou designação sequencial 2001
650 #4 - ASSUNTO--TERMO TÓPICO
Cabeçalho tópico ou nome geográfico Literatura
942 ## - ELEMENTOS DE ENTRADA ADICIONADOS (KOHA)
Tipo de material Koha Livros
Holdings
Situação do descarte Situação das perdas Situação física Não pode ser emprestado Biblioteca de origem Biblioteca atual Data de aquisição Total de empréstimos Número de chamada completo Código de barras Data de último acesso Data do preço efetivo Tipo de material Koha Fonte da classificação ou esquema de arquivamento na estante Nota pública
        Colégio Anchieta - Bela Vista Colégio Anchieta - Bela Vista 21/11/2023   800 F299o SHA OTE 581/BEL 21/11/2023 21/11/2023 Livros    
        Novo Tempo - Aureliano São José Novo Tempo - Aureliano São José 08/05/2024     nt426 08/05/2024 08/05/2024 Livros Classificação Decimal de Dewey Estante Azul
        Novo Tempo - Aureliano São José Novo Tempo - Aureliano São José 08/05/2024     nt427 08/05/2024 08/05/2024 Livros Classificação Decimal de Dewey Estante Azul
        Novo Tempo - Aureliano São José Novo Tempo - Aureliano São José 08/05/2024     nt428 08/05/2024 08/05/2024 Livros Classificação Decimal de Dewey Estante Azul